| 000 | 00407nam a2200169Ia 4500 | ||
|---|---|---|---|
| 005 | 20140403133800.0 | ||
| 008 | 140130s9999 xx 000 0 und d | ||
| 050 |
_aPZ 7 _b.Ea115Kn 2001 |
||
| 245 |
_cEager, Edward _aKnights castle |
||
| 260 |
_bScholastic, _c1956 |
||
| 300 |
_a183 p. : _b ill. ; _c20 cm. |
||
| 440 |
_v1 _931174 |
||
| 521 | _aG7 | ||
| 526 | _c860 | ||
| 942 |
_cBK _2lcc |
||
| 999 |
_c41232 _d41232 |
||